000 01088nac a22002531u 4500
008 090430t xxu||||| |||| 00| 0 eng d
010 _a2006938045
020 _a9780387462707 (hbk.)
020 _a0387462708 (hbk.)
020 _a0387462716
020 _a9780387462714
035 _a(OCoLC)ocm77012326
082 0 0 _a620.14
_bCAR
100 _aCarter, C. Barry.
_94489
245 1 0 _aCeramic Materials :
_bScience and Engineering /
_cC. Barry Carter and M. Grant Norton.
260 _aNew York :
_bSpringer,
_cc2007.
300 _axxii, 716 p. :
_bill. ;
_c29 cm.
504 _aIncludes bibliographical references and index.
650 0 _aCeramic materials.
_94490
700 1 _aNorton, M. Grant.
_94491
942 _cBB
_k620.14 CAR
_2ddc
999 _c8358
_d8358